000 02377nam a2200265Ia 4500
999 _c55259
_d55259
001 22335
003 GE_BSU
005 20230824122026.0
008 181216s2017||||ge |||||||||||||| ||geo||
020 _a9783903120075
040 _cGE_BSU
041 _ageo
080 _a325(075) მ-66
245 _aმიგრაციის სახელმძღვანელო /
_cმიგრაციის პოლიტიკის განვითარების საერთაშორისო ცენტრი, ევროკავშირი საქართველოსთვის ; სარედაქციო კოლეგია: ვიოლეტა ვაგნერი, რუსუდან ტუშური, ბიაჯიო სპეჩიალე [და სხვ.] ; ქართული ენის რედაქტორი მანანა ტაბიძე ; წინასიტყვაობა: ლევან ალექსიძე, მარტაინ პლაიმი.
250 _aI გამოცემა.
264 _aთბილისი,
_c2017.
300 _a564 გვ. :
_bცხრ., გრაფ., რუკა ;
_c22 სმ.
500 _aმომზადებულია ევროკავშირის მიერ დაფინანსებული და მიგრაციის პოლიტიკის განვითარების საერთაშორისო ცენტრის მიერ მართული პროექტის - "მიგრაციის მართვის გაძლიერება საქართველოში" (ENIGMMA) ფარგლებში.
504 _aბიბლიოგრაფია თავების ბოლოს და ტექსტის შენიშვნებში.
541 _h76 თ.
653 _aმიგრაციის პოლიტიკა
700 _aვაგნერი, ვიოლეტა
_eავტორი, რედაქტორი.
_919709
710 _aმიგრაციის პოლიტიკის განვითარების საერთაშორისო ცენტრი. ევროკავშირი საქართველოსთვის
_919710
942 _cBK
_2udc